पर्यावरणीय सतर्कता (Record no. 41145)
[ view plain ]
| 000 -LEADER | |
|---|---|
| fixed length control field | 00507nam a2200181Ia 4500 |
| 008 - FIXED-LENGTH DATA ELEMENTS--GENERAL INFORMATION | |
| fixed length control field | 220531s9999 xx 000 0 und d |
| 041 ## - LANGUAGE CODE | |
| Language code of text/sound track or separate title | mar |
| 082 ## - DEWEY DECIMAL CLASSIFICATION NUMBER | |
| Item number | JAD |
| 100 ## - MAIN ENTRY--PERSONAL NAME | |
| Personal name | जाधवर, सु. यु. |
| 9 (RLIN) | 73831 |
| 245 ## - TITLE STATEMENT | |
| Title | पर्यावरणीय सतर्कता |
| 250 ## - EDITION STATEMENT | |
| Edition statement | 1ST |
| 260 ## - PUBLICATION, DISTRIBUTION, ETC. (IMPRINT) | |
| Place of publication, distribution, etc. | Pune |
| Name of publisher, distributor, etc. | Success |
| Date of publication, distribution, etc. | 2014 |
| 300 ## - PHYSICAL DESCRIPTION | |
| Extent | 8.4 |
| 542 ## - INFORMATION RELATING TO COPYRIGHT STATUS | |
| Copyright holder | 09-10-2018 |
| 650 ## - SUBJECT ADDED ENTRY--TOPICAL TERM | |
| Topical term or geographic name as entry element | Enviornment |
| 9 (RLIN) | 73832 |
| 906 ## - LOCAL DATA ELEMENT F, LDF (RLIN) | |
| c | S.Y.B.Com. |
| d | 2018-2019 |
| e | Elantas Beck co. |
| f | 14996 |
| Withdrawn status | Lost status | Source of classification or shelving scheme | Damaged status | Not for loan | Collection code | Home library | Current library | Date acquired | Vendor | Cost, normal purchase price | Total Checkouts | Total Holds | Full call number | Barcode | Date last seen | Cost, replacement price | Bill Date | Koha item type | Original Barcode |
|---|---|---|---|---|---|---|---|---|---|---|---|---|---|---|---|---|---|---|---|
| Withdrawn | Dewey Decimal Classification | Shri Siddhivinayak Mahila Mahavidyalaya | Shri Siddhivinayak Mahila Mahavidyalaya | 16/11/2018 | Vaibhav | 200.00 | 5 | /JAD/B/27881 | SSMM-BK-27881 | 06/08/2022 | 200.00 | 06/08/2022 | Books | 010027881 |